000 00942nam a22002057a 4500
999 _c60287
_d60287
003 Ge_BSU
005 20230626120908.0
008 230626s1991 ge ||||| |||| 00| 0 geo d
020 _a5511003476
041 _ageo
080 _a82.0 +791(479.22) კ-17
100 _aკაკაბაძე, ნოდარ
_918968
245 _aსახელოვნო და სალიტერატურო კოლაჟები /
_cნოდარ კაკაბაძე; რედ.: ნ. ყიასაშვილი.
264 _aთბილისი :
_bთბილ. უნ-ტის გამ-ბა,
_c1991.
300 _a224 გვ. ;
_b20 სმ.
653 _aლიტერატურის ისტორია და კრიტიკა
653 _aქართული ლიტერატურა.
700 _aყიასაშვილი, ნ.,
_eრედაქტორი
_95544
942 _2udc
_cBK